La materialidad de la información expuesta en los estados financieros bajo NIIF y su utilidad para el usuario (Registro nro. 12961)

Detalles MARC
000 -LEADER
fixed length control field 00406 a2200121 4500
001 - CONTROL NUMBER
control field ART_60706
005 - DATE AND TIME OF LATEST TRANSACTION
control field 20260410161637.0
008 - FIXED-LENGTH DATA ELEMENTS--GENERAL INFORMATION
fixed length control field 260409a
100 1# - MAIN ENTRY--PERSONAL NAME
Personal name Bertoldi, Norma
245 10 - TITLE STATEMENT
Title La materialidad de la información expuesta en los estados financieros bajo NIIF y su utilidad para el usuario
700 1# - ADDED ENTRY--PERSONAL NAME
Personal name Werbin, Eliana M.
773 0# - HOST ITEM ENTRY
Title Enfoques
Related parts - N° 4 (abr. 2024)
Record control number REV416

No hay ítems disponibles.